[Event "It (open) \"]
[Site "masterchessopen.com Pardubice (Czech Republic)"]
[Round "6"]
[White "Ellers Holger (GER)"]
[Black "Bozic Marjan (SLO)"]
[Result "1-0"]
[WhiteElo "2305"]
[BlackElo "2080"]

1.d4 Nf6 2.c4 g6 3.g3 Bg7 4.Bg2 d5 5.cxd5 Nxd5 6.e4 Nb6 7.Ne2 O-O 8.h3 Nc6
9.d5 Ne5 10.O-O c6 11.Nbc3 cxd5 12.exd5 Nec4 13.b3 Nd6 14.Bf4 Bd7 15.Rc1 Nb5
16.Ne4 Nc8 17.Nc5 Nbd6 18.Nd4 b6 19.Nxd7 Qxd7 20.Ne6 {#r} 1-0

[Event "Ch Croatia"]
[Site "masterchessopen.com Pula (Croatia)"]
[Round "0"]
[White "Bukal Vladimir Jr (CRO)"]
[Black "Kinez Ivo (CRO)"]
[Result "1-0"]
[WhiteElo "2340"]
[BlackElo "2110"]

1.d4 Nf6 2.c4 g6 3.g3 Bg7 4.Bg2 d5 5.cxd5 Nxd5 6.e4 Nb6 7.Ne2 e5 8.d5 O-O
9.O-O c6 10.Nbc3 cxd5 11.exd5 Bf5 12.h3 h5 13.b3 Qd7 14.Kh2 Rd8 15.Bg5 f6
16.Be3 Na6 17.Qd2 Rac8 18.f4 Nc5 19.fxe5 fxe5 20.Rad1 Kh7 21.Bg5 Re8 22.Qe3 a6
23.d6 Bf8 24.Ne4 Nxe4 25.Bxe4 Bxe4 26.Qxe4 Re6 27.Rf6 Rxf6 28.Bxf6 Re8 29.g4
Re6 30.Rf1 hxg4 31.hxg4 Bg7 32.g5 Bxf6 33.gxf6 Qf7 34.Rf3 Kg8 35.Qb4 Nd5
36.Qc4 Nxf6 37.Qc8+ Kg7 38.Rh3 Re8 39.Qc5 {#r} 1-0

[Event "Ch Yugoslavia (team) (2 liga)"]
[Site "masterchessopen.com Vrnjacka Banja (Serbia)"]
[Round "7"]
[White "Solozhenkin Evgeniy (RUS)"]
[Black "Nikolic Dragoslav (SRB)"]
[Result "1-0"]
[WhiteElo "2565"]
[BlackElo "2287"]

1.d4 Nf6 2.c4 g6 3.g3 Bg7 4.Bg2 d5 5.cxd5 Nxd5 6.e4 Nb6 7.Ne2 O-O 8.O-O c5
9.d5 e6 10.Nbc3 exd5 11.exd5 Bf5 12.Be3 Na6 13.b3 Qd7 14.Rc1 Bh3 15.Bxh3 Qxh3
16.Ne4 Rfd8 17.d6 Bf8 18.Bg5 f6 19.Nxf6+ Kf7 20.Ne4 Rd7 21.Nf4 Qf5 22.Re1 h6
23.g4 Qe5 24.Qf3 {#r} 1-0

[Event "Olympiad"]
[Site "masterchessopen.com Yerevan (Armenia)"]
[Round "4"]
[White "Supatashvili Khvicha (GEO)"]
[Black "Urban Klaudiusz (POL)"]
[Result "1-0"]
[WhiteElo "2445"]
[BlackElo "2470"]

1.d4 Nf6 2.c4 g6 3.g3 Bg7 4.Bg2 d5 5.cxd5 Nxd5 6.e4 Nb6 7.Ne2 e5 8.d5 O-O
9.O-O c6 10.Nbc3 cxd5 11.exd5 Bf5 12.b3 Qd7 13.Ba3 Rd8 14.Re1 Nc8 15.Qd2 Nd6
16.Rac1 Na6 17.Qe3 Nc7 18.Red1 Nce8 19.Na4 Bh3 20.Nc5 Qf5 21.Nc3 Bxg2 22.Kxg2
Qh5 23.Qd3 Bf8 24.Bb2 Rac8 25.N3e4 Nxe4 26.Nxe4 Rxc1 27.Rxc1 Qf5 28.f3 a6
29.g4 Qd7 30.Bxe5 Qxd5 31.Qxd5 Rxd5 32.Bf4 f5 33.Rc8 fxe4 34.fxe4 Ra5 35.Rxe8
Rxa2+ 36.Kf3 Kf7 37.Rb8 b5 38.Rb7+ Ke6 39.Rb6+ Kf7 40.e5 h6 41.g5 hxg5 42.Bxg5
Rxh2 43.e6+ Kg8 44.Rb8 Kg7 45.Rb7+ Kg8 46.Bf6 Rh3+ 47.Ke4 Rh1 48.Rb8 Re1+
49.Kd5 Rd1+ 50.Bd4 {#r} 1-0

[Event "Oberliga Baden 1997/98"]
[Site "masterchessopen.com Baden-Wuerttemberg (Germany)"]
[Round "5"]
[White "Koppenhoefer Bernhard (GER)"]
[Black "Bauer Manfred (GER)"]
[Result "0-1"]
[WhiteElo "2069"]
[BlackElo "2128"]

1.d4 Nf6 2.g3 g6 3.Bg2 d5 4.c4 Bg7 5.cxd5 Nxd5 6.e4 Nb6 7.Ne2 O-O 8.O-O Nc6
9.d5 Na5 10.Qc2 c6 11.Rd1 cxd5 12.Nbc3 d4 13.Nd5 Nc6 14.Qb3 e6 15.Nxb6 Qxb6
16.Qxb6 axb6 17.f4 e5 18.fxe5 Bg4 19.Kf2 f5 20.exf6 Rxf6+ 21.Ke1 Nb4 22.Rd2
Bxe2 23.Kxe2 d3+ 24.Rxd3 Nxd3 25.Kxd3 Rf2 26.Bh3 Rd8+ 27.Kc4 Rd4+ 28.Kb5 Rxe4
29.Kxb6 Re5 30.b4 Rf6+ 31.Ka7 b5 32.Bc8 Re7+ {#R} 0-1

[Event "Cup Russia (open)"]
[Site "masterchessopen.com Ekaterinburg (Russia)"]
[Round "6"]
[White "Supatashvili Khvicha (GEO)"]
[Black "Ibragimov Alibek (KAZ)"]
[Result "1-0"]
[WhiteElo "2480"]
[BlackElo "2430"]

1.d4 Nf6 2.c4 g6 3.g3 Bg7 4.Bg2 d5 5.cxd5 Nxd5 6.e4 Nb6 7.Ne2 O-O 8.O-O Nc6
9.d5 Na5 10.Nbc3 c6 11.Re1 Re8 12.b3 Bg4 13.Bd2 Bxe2 14.Rxe2 e6 15.dxe6 Rxe6
16.Rc1 Rd6 17.Qe1 Nd7 18.Nb5 cxb5 19.Bxa5 b6 20.e5 Nxe5 21.Rxe5 Bxe5 22.Qxe5
Rd1+ 23.Rxd1 Qxd1+ 24.Be1 Rc8 25.Qe3 Rc1 26.Kf1 Ra1 27.Bf3 Qb1 28.g4 Qxa2
29.Bd5 Qb1 30.Qe8+ Kg7 31.Qxf7+ Kh6 32.Qf4+ g5 33.Qf6+ {#r} 1-0

[Event "Cup Russia (open)"]
[Site "masterchessopen.com Kstovo (Russia)"]
[Round "1"]
[White "Tregubov Pavel V (RUS)"]
[Black "Krivonogov A (RUS)"]
[Result "1-0"]
[WhiteElo "2550"]
[BlackElo "2315"]

1.d4 Nf6 2.c4 g6 3.g3 Bg7 4.Bg2 d5 5.cxd5 Nxd5 6.e4 Nb6 7.Ne2 O-O 8.O-O c6
9.Nbc3 e5 10.dxe5 Qxd1 11.Rxd1 Bxe5 12.Bh6 Re8 13.f4 Bh8 14.Kf2 Bg4 15.Rac1
Na6 16.h3 Bxe2 17.Kxe2 Nc5 18.e5 f6 19.Nb5 cxb5 20.Rxc5 fxe5 21.Rxb5 exf4+
22.Kf1 Rad8 23.Rxd8 Rxd8 24.Bxf4 Rd1+ 25.Ke2 Rb1 26.Bxb7 Rxb2+ 27.Rxb2 Bxb2
28.Kd3 Nd7 29.Bc8 Nb6 30.Ba6 Kg7 31.Bb8 Nd5 32.Bb7 Nb4+ 33.Kc4 Nxa2 34.Kb3 Bd4
35.Kxa2 Kf6 36.Kb3 Be5 37.Bxe5+ Kxe5 38.Kc4 h5 39.Kd3 h4 40.g4 Kf4 41.Ke2 Kg3
42.Ke3 a5 43.Bc6 Kxh3 44.Kf4 Kh2 45.g5 Kh3 46.Ke5 {#r} 1-0

[Event "It (open)"]
[Site "masterchessopen.com Leon (Spain)"]
[Round "3"]
[White "Gomez Esteban Juan Mario (ESP)"]
[Black "Eslon Jaan (SWE)"]
[Result "1-0"]
[WhiteElo "2490"]
[BlackElo "2365"]

1.d4 Nf6 2.c4 g6 3.g3 Bg7 4.Bg2 d5 5.cxd5 Nxd5 6.e4 Nb6 7.Ne2 h5 8.h3 Nc6 9.d5
Na5 10.Nbc3 c6 11.b3 cxd5 12.exd5 e6 13.Ba3 exd5 14.O-O Be6 15.Nb5 Qd7 16.Ned4
Nc6 17.Rc1 Bf8 18.Bb2 Bg7 19.Nc7+ Qxc7 20.Nb5 Qd7 21.Bxg7 Rg8 22.Bf6 Rc8
23.Re1 Kf8 24.Qd2 g5 25.Bxg5 Rg6 26.h4 Kg8 27.Nc3 f6 28.Bf4 Rd8 29.Kh2 Bf7
30.Bh3 f5 31.Qd3 Rg4 32.Bxg4 hxg4 33.Bg5 Ra8 34.Bf6 d4 35.Qd2 Kh7 36.Ne2 Qd6
37.Bxd4 Rd8 38.Qg5 Rg8 39.Qf6 Qd7 40.Bxb6 Rg6 41.Rcd1 Qe8 42.Qxf5 {#r} 1-0

[Event "Ch Russia (1/2 final)"]
[Site "masterchessopen.com Perm (Russia)"]
[Round "9"]
[White "Bashkov Viacheslav (RUS)"]
[Black "Grebionkin Vladimir (RUS)"]
[Result "1-0"]
[WhiteElo "2390"]
[BlackElo "2415"]

1.d4 Nf6 2.g3 d5 3.Bg2 g6 4.c4 Bg7 5.cxd5 Nxd5 6.e4 Nb6 7.Ne2 Nc6 8.d5 Ne5
9.O-O O-O 10.Nbc3 c6 11.f4 Nec4 12.dxc6 bxc6 13.b3 Bg4 14.e5 Na5 15.Qxd8 Rfxd8
16.Ba3 Nd5 17.Nxd5 cxd5 18.Nd4 e6 19.Rac1 Rd7 20.Rfe1 Bf8 21.Bxf8 Kxf8 22.Re3
Rb8 23.Rc5 Nb7 24.Rcc3 Na5 25.Kf2 Rb4 26.Red3 Bf5 27.Rd2 Rb8 28.Rd1 h5 29.Rdc1
Kg7 30.Rc7 Rxc7 31.Rxc7 Rb4 32.Ke3 Kg8 33.Rxa7 Rb7 {#r} 1-0

[Event "Ch Slovakia (team) 1996/97"]
[Site "masterchessopen.com Slovakia"]
[Round "7"]
[White "Certek Pavel (SVK)"]
[Black "Szitkey Milan (SVK)"]
[Result "1-0"]
[WhiteElo "2322"]
[BlackElo "2147"]

1.d4 Nf6 2.c4 g6 3.g3 Bg7 4.Bg2 d5 5.cxd5 Nxd5 6.e4 Nb6 7.Ne2 O-O 8.O-O Nc6
9.d5 Na5 10.Nec3 c6 11.Nd2 cxd5 12.exd5 e6 13.dxe6 Bxe6 14.Nde4 Nd5 15.Nxd5
Bxd5 16.Bg5 f6 17.Nxf6+ Bxf6 18.Qxd5+ Qxd5 19.Bxd5+ Kg7 20.Bxf6+ Rxf6 21.Rac1
Rd8 22.Rc7+ Kh6 23.Be4 Rb6 24.b3 Rd2 25.Bb1 Nc6 26.h4 Nd4 27.Kg2 Nb5 28.Re7
Nc3 29.g4 Nd5 30.Rf7 Re6 31.Kh3 Re7 32.g5+ Kh5 33.Rxe7 Nxe7 34.Be4 {#r} 1-0

[Event "Ch Europe (juniors) (under 10)"]
[Site "masterchessopen.com Tallinn (Estonia)"]
[Round "9"]
[White "Sharevich Vadim (BLR)"]
[Black "Baramidze David (GER)"]
[Result "0-1"]
[WhiteElo "2068"]
[BlackElo "2591"]

1.d4 Nf6 2.c4 g6 3.g3 Bg7 4.Bg2 d5 5.cxd5 Nxd5 6.e4 Nb6 7.Ne2 O-O 8.Nbc3 e6
9.O-O Qe7 10.Qc2 Rd8 11.Rd1 Nc6 12.e5 Nb4 13.Qb3 N4d5 14.Ne4 Qf8 15.Nf4 Bd7
16.Nc5 Bc6 17.a4 Nxf4 {#R} 0-1

[Event "It (open)"]
[Site "masterchessopen.com Zadar (Croatia)"]
[Round "6"]
[White "Soldo Josip (CRO)"]
[Black "Tukmakov Vladimir B (UKR)"]
[Result "0-1"]
[WhiteElo "2197"]
[BlackElo "2575"]

1.d4 Nf6 2.c4 g6 3.g3 Bg7 4.Bg2 d5 5.cxd5 Nxd5 6.e4 Nb6 7.Ne2 c5 8.d5 e6 9.O-O
exd5 10.exd5 O-O 11.Nbc3 Na6 12.b3 Bg4 13.Bb2 Nb4 14.h3 Bf5 15.g4 Bd3 16.a3
Bxe2 17.Qxe2 Re8 18.Qd1 N4xd5 19.Qf3 Bxc3 20.Bxc3 Nxc3 21.Qxc3 Qc7 22.Rfe1
Rad8 23.Qf3 Re7 24.Rxe7 Qxe7 25.b4 Rd7 26.bxc5 Qxc5 27.h4 Nc4 28.Re1 Ne5
29.Qf6 Re7 30.Kh1 Re6 31.Qd8+ Kg7 32.Qg5 Qxf2 33.Rf1 Qg3 34.h5 h6 {#R} 0-1

[Event "Ch World (juniors) (under 20)"]
[Site "masterchessopen.com Zagan (Poland)"]
[Round "2"]
[White "Kacheishvili Giorgi (GEO)"]
[Black "Szabo Zsolt Jozsef (HUN)"]
[Result "1-0"]
[WhiteElo "2550"]
[BlackElo "2435"]

1.d4 Nf6 2.c4 g6 3.g3 Bg7 4.Bg2 d5 5.cxd5 Nxd5 6.e4 Nb6 7.Ne2 O-O 8.Nbc3 e5
9.d5 f5 10.O-O N8d7 11.exf5 gxf5 12.f4 e4 13.Qb3 Nc5 14.Qb5 Nd3 15.Be3 c6
16.dxc6 bxc6 17.Qb3+ Kh8 18.Rad1 Nd5 19.Nxd5 Qxd5 20.Qa3 Be6 21.Nc1 Bxb2
22.Qxb2+ Nxb2 23.Rxd5 Bxd5 24.Bd4+ Kg8 25.Bxb2 Rab8 26.Rf2 Rfd8 27.Rc2 Bf7
28.Kf2 Rd1 29.Bc3 Rb1 30.Ne2 Bd5 31.Bd4 Rd3 32.Be3 Ra3 33.Nc3 Ra1 34.Bf1 Kf7
35.Bc5 e3+ 36.Bxe3 {#r} 1-0

[Event "It (a)"]
[Site "masterchessopen.com Bucharest (Romania)"]
[Round "0"]
[White "Rogozenko Dorian (ROM)"]
[Black "Vokarev Sergey (RUS)"]
[Result "1-0"]
[WhiteElo "2435"]
[BlackElo "2480"]

1.d4 Nf6 2.c4 g6 3.g3 Bg7 4.Bg2 d5 5.cxd5 Nxd5 6.e4 Nb6 7.Ne2 e5 8.d5 c6 9.O-O
cxd5 10.exd5 O-O 11.Nbc3 Bf5 12.b3 Qd7 13.Re1 Na6 14.Ba3 Rfd8 15.Qd2 Rac8
16.Red1 h5 17.Qe3 Kh7 18.d6 Re8 19.Ne4 Bxe4 20.Qxe4 Rb8 21.Nc3 f5 22.Qe2 e4
23.Rac1 Bh6 24.Rb1 Rbd8 25.Nb5 Nc8 26.Bc1 Nb8 27.Nxa7 Nxd6 28.a4 Qf7 29.Bxh6
Kxh6 30.Qe3+ Kh7 31.Rbc1 Rd7 32.Bf1 Red8 33.Qb6 Qe7 34.h4 Nf7 35.Rxd7 Rxd7
36.Bb5 Rd8 37.Rc7 Rd1+ 38.Kg2 Nd7 39.Nc8 Qd8 40.Qxb7 Nfe5 41.Bxd7 Kh6 42.Bb5
Qxh4 43.Ne7 e3 44.Rc8 Rd8 45.Nxf5+ gxf5 46.Qb6+ {#r} 1-0

[Event "It (open)"]
[Site "masterchessopen.com Dos Hermanas (Spain)"]
[Round "6"]
[White "Epishin Vladimir (GER)"]
[Black "Coenen Norbert (GER)"]
[Result "1-0"]
[WhiteElo "2585"]
[BlackElo "2330"]

1.d4 Nf6 2.c4 g6 3.g3 Bg7 4.Bg2 d5 5.cxd5 Nxd5 6.e4 Nb6 7.Ne2 c5 8.dxc5 Qxd1+
9.Kxd1 Na4 10.Kc2 Nc6 11.Nbc3 Nxc5 12.Be3 b6 13.Rhd1 Ba6 14.e5 Bb7 15.Bxc5
bxc5 16.Bxc6+ Bxc6 17.f4 Rc8 18.Rd3 e6 19.Re3 Ke7 20.Rd1 Rhd8 21.Rxd8 Kxd8
22.Ne4 Rc7 23.Rd3+ Kc8 24.N2c3 Bf8 25.Nd6+ Kb8 26.Rd2 h6 27.Kb3 a6 28.Kc4 Bf3
29.Nce4 Ka7 30.Nxc5 Bd5+ 31.Rxd5 exd5+ 32.Kxd5 Be7 33.b4 Bd8 34.a4 Be7 35.a5
Bf8 36.b5 {#r} 1-0

[Event "Memorial Karl Wagner (open)"]
[Site "masterchessopen.com Graz (Austria)"]
[Round "5"]
[White "Burmakin Vladimir (RUS)"]
[Black "Wittmann Walter (AUT)"]
[Result "1-0"]
[WhiteElo "2560"]
[BlackElo "2380"]

1.d4 Nf6 2.g3 g6 3.Bg2 d5 4.c4 Bg7 5.cxd5 Nxd5 6.e4 Nb6 7.Ne2 O-O 8.O-O Nc6
9.d5 Na5 10.Qe1 Nac4 11.Nbc3 c6 12.dxc6 bxc6 13.b3 Ne5 14.Ba3 Bh3 15.Rd1 Qc7
16.f4 Bxg2 17.Kxg2 Ng4 18.Bc5 Rfd8 19.Rf3 Rxd1 20.Qxd1 Rd8 21.Rd3 Rxd3 22.Qxd3
Nf6 23.a4 Nc8 24.e5 Nd7 25.Ne4 Bf8 26.N2c3 Nxc5 27.Nxc5 Qa5 28.N3e4 Nb6 29.Qc3
Qxc3 30.Nxc3 e6 31.Nb7 Bb4 32.Ne4 Kf8 33.Nd8 c5 34.Nc6 a5 35.Nxb4 cxb4 36.Nc5
Ke7 37.Kf3 Kd8 38.Nb7+ Kc7 39.Nxa5 Nd7 40.Ke3 Kb6 41.Nc4+ Kc5 42.Nd6 h5
43.Ne4+ Kd5 44.Nf6+ {#r} 1-0

[Event "Ch Poland"]
[Site "masterchessopen.com Ksiaz (Poland)"]
[Round "12"]
[White "Grabarczyk Miroslaw (POL)"]
[Black "Urban Klaudiusz (POL)"]
[Result "1-0"]
[WhiteElo "2470"]
[BlackElo "2485"]

1.d4 Nf6 2.c4 g6 3.g3 Bg7 4.Bg2 d5 5.cxd5 Nxd5 6.e4 Nb6 7.Ne2 e5 8.d5 c6 9.O-O
cxd5 10.exd5 O-O 11.Nbc3 Bf5 12.b3 Qd7 13.a4 Nc8 14.Ba3 Rd8 15.Rc1 Bh3 16.Bxh3
Qxh3 17.Ne4 Nb6 18.a5 Rxd5 19.Qe1 N6d7 20.Rc8+ Nf8 21.Qc1 Rxa5 22.Bxf8 Bxf8
23.Rd1 Kg7 24.Rdd8 Nc6 25.Rxa8 Nxd8 26.Rxd8 Qf5 27.Qe3 Qe6 28.Qc3 Ra2 29.Nc1
Ra3 30.Kg2 b5 31.Rb8 Qd5 32.f3 f5 33.Qc8 Be7 34.Rb7 {#r} 1-0

[Event "Ch Poland (under 26)"]
[Site "masterchessopen.com Poland"]
[Round "0"]
[White "Gawronski Miroslaw (POL)"]
[Black "Palus Ryszard (POL)"]
[Result "0-1"]
[WhiteElo "2165"]
[BlackElo "2375"]

1.d4 Nf6 2.c4 g6 3.g3 Bg7 4.Bg2 d5 5.cxd5 Nxd5 6.e4 Nb6 7.Ne2 O-O 8.O-O e5
9.d5 c6 10.Nec3 N8d7 11.a4 cxd5 12.exd5 Nf6 13.Re1 Ne8 14.a5 Nc4 15.Qa4 Ncd6
16.Be3 f5 17.Na3 Rf7 18.Bc5 Qf6 19.Rad1 Bf8 20.Rd2 Bd7 21.Qb4 Rc8 22.Rde2 e4
23.f3 exf3 24.Bxf3 f4 25.g4 Qh4 26.Re6 Rxc5 27.Qxc5 Ne4 28.Qxf8+ Rxf8 29.R1xe4
Nf6 30.Rxf4 Bxe6 31.dxe6 Qe1+ 32.Kg2 Qxe6 33.Bxb7 Kg7 34.Bf3 Qe5 35.Ra4 Rb8
36.Nc4 Rxb2+ 37.Nxb2 Qxc3 38.Rc4 Qxb2+ 39.Kh3 Qa3 40.Rc7+ Kh6 41.Kg2 Qxa5
42.Rb7 Kg5 {#R} 0-1

[Event "Ch Georgia (w)"]
[Site "masterchessopen.com Tbilisi (Georgia)"]
[Round "0"]
[White "Edzgveradze Natalia (GEO)"]
[Black "Kurtskhalia Iveta (GEO)"]
[Result "1-0"]
[WhiteElo "2310"]
[BlackElo "2040"]

1.d4 Nf6 2.c4 g6 3.g3 d5 4.cxd5 Nxd5 5.Bg2 Bg7 6.e4 Nb6 7.Ne2 O-O 8.O-O e5
9.d5 f5 10.Qb3 Kh8 11.Be3 fxe4 12.Nec3 Bf5 13.Rd1 N8d7 14.Nxe4 Bxe4 15.Bxe4
Nf6 16.Bg2 Qe7 17.h3 Ne8 18.Nc3 Nd6 19.Rac1 Nbc4 20.Bc5 Qf7 21.Ne4 b6 22.Bxd6
Nxd6 23.Rc2 Nxe4 24.Bxe4 Rad8 25.Rd3 Rd7 26.Rdc3 Rfd8 27.Rf3 Qe7 28.h4 Rf8
29.Rfc3 Rfd8 30.Rc6 Bf8 31.Qc3 Rc8 32.h5 gxh5 33.Bf5 {#r} 1-0

[Event "Cup Yugoslavia (team)"]
[Site "masterchessopen.com Ulcinj (Yugoslavia)"]
[Round "7"]
[White "Stamenkovic Zoran (SRB)"]
[Black "Jevtic Miodrag (SRB)"]
[Result "1-0"]
[WhiteElo "2425"]
[BlackElo "2350"]

1.d4 Nf6 2.c4 g6 3.g3 Bg7 4.Bg2 d5 5.cxd5 Nxd5 6.e4 Nb6 7.Ne2 O-O 8.O-O c5
9.d5 e6 10.Nbc3 exd5 11.exd5 Nc4 12.Ne4 Na6 13.N2c3 h6 14.Qe2 Ne5 15.f4 Ng4
16.h3 Nf6 17.Nxf6+ Qxf6 18.g4 Bd7 19.Ne4 Qd4+ 20.Be3 Qxb2 21.Qxb2 Bxb2 22.Rab1
Bg7 23.Rxb7 Bc8 24.Re7 f5 25.gxf5 Bxf5 26.Nxc5 Nxc5 27.Bxc5 Bf6 28.Rc7 Rac8
29.d6 Rxc7 30.dxc7 Rc8 31.Bd6 Re8 32.Rc1 Bb2 33.Rd1 Re2 34.Rd5 Be6 35.Rb5 Bd4+
36.Kh1 Bb6 37.Re5 Rxe5 38.fxe5 Bc8 39.Bd5+ Kg7 40.Kg2 {#r} 1-0

[Event "Ch Provincial (1/2 final)"]
[Site "masterchessopen.com Cuba"]
[Round "0"]
[White "Li Manuel (CUB)"]
[Black "Hernandez Ronel (CUB)"]
[Result "1-0"]
[WhiteElo "2308"]
[BlackElo "2104"]

1.d4 Nf6 2.g3 g6 3.Bg2 d5 4.c4 Bg7 5.cxd5 Nxd5 6.e4 Nb6 7.Ne2 O-O 8.Nbc3 Na6
9.O-O c5 10.d5 e6 11.Qb3 c4 12.Qa3 exd5 13.exd5 Re8 14.Rd1 Bf5 15.d6 Qd7
16.Bg5 f6 17.Be3 Rad8 18.Nf4 Kh8 19.h3 g5 20.Nh5 Bxh3 21.Nxg7 Kxg7 22.Bh1 Bf5
23.Nd5 Qxd6 24.Ne7 Qxa3 25.Nxf5+ Kg6 26.bxa3 Kxf5 27.Bxb7 Nc7 28.Bc6 Rxd1+
29.Rxd1 Re5 30.a4 Ncd5 31.Bd4 Ke6 32.Bb7 Ke7 33.Ba6 Nxa4 34.Bxc4 Nab6 {#r} 1-0

[Event "It (open)"]
[Site "masterchessopen.com Eger (Hungary)"]
[Round "0"]
[White "Sebenik Matej (SLO)"]
[Black "Kerek Csaba (HUN)"]
[Result "1-0"]
[WhiteElo "2194"]
[BlackElo "2388"]

1.d4 Nf6 2.c4 g6 3.g3 Bg7 4.Bg2 d5 5.cxd5 Nxd5 6.e4 Nb6 7.Ne2 c5 8.d5 O-O
9.O-O e6 10.Nbc3 Na6 11.Nf4 e5 12.Nd3 c4 13.Ne1 f5 14.Be3 Bd7 15.Qd2 Nc8 16.d6
Bc6 17.Rd1 Qd7 18.exf5 gxf5 19.Bd5+ Kh8 20.Bxc6 bxc6 21.Na4 f4 22.gxf4 Rf6
23.fxe5 Rg6+ 24.Kh1 Nxd6 25.exd6 {#r} 1-0

[Event "It (open)"]
[Site "masterchessopen.com Eger (Hungary)"]
[Round "0"]
[White "Sebenik Matej (SLO)"]
[Black "Volosin Vladimir (HUN)"]
[Result "0-1"]
[WhiteElo "2194"]
[BlackElo "2322"]

1.d4 Nf6 2.c4 g6 3.g3 Bg7 4.Bg2 d5 5.cxd5 Nxd5 6.e4 Nb6 7.Ne2 O-O 8.O-O c6
9.Nbc3 Na6 10.b3 Re8 11.f4 f5 12.e5 Be6 13.Ba3 Nc7 14.Qd3 Ncd5 15.Rac1 Bf8
16.h3 Qd7 17.Nd1 a5 18.Bc5 a4 19.Nec3 axb3 20.axb3 Ra6 21.Ne3 Nxe3 22.Qxe3 Nd5
23.Bxd5 Bxd5 24.Na4 Qe6 25.Nb6 Bxb3 26.Qc3 Bd5 27.Ra1 Rxa1 28.Rxa1 h6 29.h4
Kf7 30.Ra7 Rb8 31.Qb4 Be4 32.Kf2 g5 33.h5 gxf4 34.gxf4 Ke8 35.Qa4 Qg8 36.Ra8
Qg2+ 37.Ke1 Qg3+ 38.Kd1 Qf3+ 39.Kc1 Qc3+ {#R} 0-1

[Event "Ch Norway"]
[Site "masterchessopen.com Gausdal (Norway)"]
[Round "7"]
[White "Johannessen Leif Erlend (NOR)"]
[Black "Elsness Frode (NOR)"]
[Result "1-0"]
[WhiteElo "2356"]
[BlackElo "2395"]

1.d4 Nf6 2.c4 g6 3.g3 Bg7 4.Bg2 d5 5.cxd5 Nxd5 6.e4 Nb6 7.Ne2 c5 8.d5 e6 9.O-O
O-O 10.Nbc3 Na6 11.Nf4 e5 12.Nd3 c4 13.Ne1 f5 14.exf5 gxf5 15.Be3 Qf6 16.Qe2
e4 17.f3 exf3 18.Nxf3 Re8 19.Qd2 Bd7 20.Nh4 Nb4 21.Rf3 Rxe3 22.Rxe3 Bh6 23.Rf1
Nc2 24.Qxc2 Bxe3+ 25.Kh1 f4 26.Ne2 Re8 27.Nxf4 Bxf4 28.Be4 Qd6 29.gxf4 Nxd5
30.Qg2+ {#r} 1-0

[Event "Bundesliga (2nd) East 1998/99"]
[Site "masterchessopen.com Germany"]
[Round "0"]
[White "Schmidt Joachim (GER)"]
[Black "Pribyl Martin (CZE)"]
[Result "1-0"]
[WhiteElo "2027"]
[BlackElo "2321"]

1.d4 Nf6 2.c4 g6 3.g3 Bg7 4.Bg2 d5 5.cxd5 Nxd5 6.e4 Nb6 7.Ne2 O-O 8.O-O e5
9.d5 c6 10.Nbc3 cxd5 11.exd5 Nc4 12.Ne4 Bf5 13.N2c3 Bxe4 14.Nxe4 Nd6 15.Qb3
Nxe4 16.Bxe4 Nd7 17.Be3 b6 18.Rac1 Kh8 19.d6 Rb8 20.Qa3 f5 21.Bc6 f4 22.Bd2
Nc5 23.Rxc5 bxc5 24.d7 Qb6 25.Qa4 Qxb2 26.Ba5 Bf6 27.Bc7 Rb4 28.Qxa7 Qd4
29.Bb6 Rc4 30.Qb7 fxg3 31.hxg3 Rc2 32.Bf3 Rd2 33.Qc8 Kg7 34.Bxc5 Rxc8
35.dxc8=Q Qd8 36.Qxd8 Rxd8 37.a4 Rd3 38.Kg2 Bd8 39.Ra1 Rc3 40.Bd6 Kf6 41.a5
Rc2 42.Be4 Rd2 43.Bc5 {#r} 1-0

[Event "Bundesliga (2nd) North 1999/00"]
[Site "masterchessopen.com Germany"]
[Round "0"]
[White "Pieniazek Artur (POL)"]
[Black "Zezulkin Jurij (BLR)"]
[Result "0-1"]
[WhiteElo "2391"]
[BlackElo "2478"]

1.d4 Nf6 2.c4 g6 3.g3 Bg7 4.Bg2 d5 5.cxd5 Nxd5 6.e4 Nb6 7.Ne2 e5 8.d5 O-O
9.Nbc3 c6 10.O-O cxd5 11.exd5 Bf5 12.b3 Qd7 13.Ba3 Rd8 14.Qd2 Nc6 15.Rac1 Nd4
16.Bc5 Bh3 17.Nxd4 Bxg2 18.Kxg2 Nxd5 19.Nce2 b6 20.Ba3 exd4 21.Nxd4 Nf6
22.Rfd1 Ne4 23.Qf4 Nxf2 24.Qxf2 Bxd4 25.Qf3 Rac8 26.Qe4 Rxc1 27.Bxc1 f5 28.Qe2
Qc6+ 29.Kh3 Bf6 30.Rxd8+ Bxd8 31.Bb2 a5 32.g4 Bc7 33.Qc4+ Qxc4 34.bxc4 fxg4+
35.Kxg4 Bxh2 36.Kg5 Kf7 37.a4 Ke6 38.Bd4 Be5 39.Be3 Kd6 40.Kh6 Bc3 41.Kxh7 Bb4
42.Kxg6 Ke5 43.Kf7 Ke4 44.Bg5 Kd4 45.Ke6 Kxc4 46.Kd7 Bc5 {#R} 0-1

[Event "Ch Hungary (team) 1998/99 (2 liga)"]
[Site "masterchessopen.com Hungary"]
[Round "0"]
[White "Deak Sandor (HUN)"]
[Black "Veroci Zsuzsa (HUN)"]
[Result "1-0"]
[WhiteElo "2344"]
[BlackElo "2311"]

1.d4 Nf6 2.c4 g6 3.g3 Bg7 4.Bg2 d5 5.cxd5 Nxd5 6.e4 Nb6 7.Ne2 O-O 8.O-O Nc6
9.d5 Na5 10.Nbc3 c6 11.b3 cxd5 12.exd5 Bg4 13.Bd2 e6 14.dxe6 Bxe6 15.Qc1 Rc8
16.Bh6 Qf6 17.Bxg7 Qxg7 18.Qa3 Qe5 19.Ne4 Nc6 20.Nf4 Bd5 21.Nxd5 Nxd5 22.Nd6
Rc7 23.Rfe1 Qd4 24.Nb5 Qb6 25.Nxc7 Nxc7 26.Qd6 Nb5 27.Qf6 Nbd4 28.Rad1 Qc5
29.Re4 Ne6 30.Rc4 Qa5 31.Bxc6 bxc6 32.a4 Qh5 33.Rd2 Qa5 34.Qc3 Qf5 35.h4 c5
36.Kg2 h5 37.b4 cxb4 38.Qxb4 g5 39.Qb5 Qg6 40.hxg5 Nxg5 41.Rd5 f6 42.Rdc5 Kh7
43.Qd7+ Kh6 44.Qf5 Qf7 45.Rc7 Qe8 46.Rxa7 {#r} 1-0

[Event "It (open)"]
[Site "masterchessopen.com Koszalin (Poland)"]
[Round "3"]
[White "Kveinys Aloyzas (LTU)"]
[Black "Schmidt Wlodzimierz (POL)"]
[Result "0-1"]
[WhiteElo "2515"]
[BlackElo "2436"]

1.c4 g6 2.d4 Nf6 3.g3 Bg7 4.Bg2 d5 5.cxd5 Nxd5 6.e4 Nb6 7.Ne2 c5 8.d5 e6 9.O-O
O-O 10.Nec3 exd5 11.exd5 Bf5 12.Nd2 Na6 13.Nde4 h6 14.Bf4 g5 15.Be3 Rc8 16.h4
gxh4 17.g4 Bxe4 18.Bxe4 Nc4 19.Bf5 Nxe3 20.fxe3 Qe7 21.Qf3 Rcd8 22.Ne4 Rxd5
23.Rfd1 Rxd1+ 24.Rxd1 Rd8 25.Rxd8+ Qxd8 26.b3 b6 27.Kg2 Nc7 28.Kh3 Be5 29.Qe2
Kg7 30.Nd2 Qe7 31.Qd3 Bf6 32.Nf3 Ne8 33.Nd2 Qe5 34.Ne4 Qa1 35.Kg2 Qxa2+ 36.Kf3
h3 37.Qf1 Qxb3 38.Qxh3 Qd1+ 39.Kf2 Qd8 40.Ke2 Nd6 41.Ng3 Bg5 42.Bd3 c4 {#R}
0-1

[Event "It (open)"]
[Site "masterchessopen.com Koszalin (Poland)"]
[Round "2"]
[White "Tregubov Pavel V (RUS)"]
[Black "Kempinski Robert (POL)"]
[Result "1-0"]
[WhiteElo "2609"]
[BlackElo "2549"]

1.d4 Nf6 2.c4 g6 3.g3 d5 4.cxd5 Nxd5 5.Bg2 Nb6 6.e4 Bg7 7.Ne2 Nc6 8.d5 Ne5
9.O-O e6 10.Nbc3 exd5 11.exd5 O-O 12.h3 Bf5 13.b3 Re8 14.Ba3 Bd3 15.Rc1 Ba6
16.Rc2 Qf6 17.f4 Ned7 18.Ne4 Qd8 19.Rf2 Nf6 20.Nxf6+ Bxf6 21.Nc3 Re3 22.Ne4
Bg7 23.Bc5 Rd3 24.Rfd2 Rxd2 25.Rxd2 Nc8 26.d6 Nxd6 27.Kh2 Qe8 28.Bxd6 cxd6
29.Nxd6 Qe3 30.Nxf7 Rf8 31.Ng5 Kh8 32.Rd7 Qe8 33.Qd5 {#r} 1-0

[Event "It (open)"]
[Site "masterchessopen.com Manhem (Sweden)"]
[Round "0"]
[White "Akesson Joel (SWE)"]
[Black "Sakalauskas Vaidas (LTU)"]
[Result "1-0"]
[WhiteElo "2207"]
[BlackElo "2450"]

1.d4 Nf6 2.c4 g6 3.g3 Bg7 4.Bg2 d5 5.cxd5 Nxd5 6.e4 Nb6 7.Ne2 O-O 8.O-O e5
9.d5 c6 10.Nbc3 cxd5 11.exd5 Bf5 12.b3 Nc8 13.a4 Qd7 14.Ba3 Rd8 15.Rc1 Na6
16.Nb5 Bh3 17.Bxh3 Qxh3 18.Nec3 Rd7 19.d6 Kh8 20.Nd5 Qf5 21.Rxc8+ Rxc8 22.Ne7
Qc2 23.Nxc8 Qxc8 24.Nxa7 Qd8 25.Qd5 Qg5 26.Rc1 h5 27.Rc8+ Kh7 28.Nb5 {#r} 1-0

[Event "It (open)"]
[Site "masterchessopen.com Miercurea Ciuc (Romania)"]
[Round "5"]
[White "Bodnar Ovidiu (ROM)"]
[Black "Flumbort Andras (HUN)"]
[Result "0-1"]
[WhiteElo "2135"]
[BlackElo "2281"]

1.d4 Nf6 2.c4 g6 3.g3 Bg7 4.Bg2 d5 5.cxd5 Nxd5 6.e4 Nb6 7.Ne2 O-O 8.O-O c6
9.Nbc3 N8d7 10.Re1 e5 11.d5 cxd5 12.exd5 f5 13.b3 e4 14.Ba3 Re8 15.f3 exf3
16.Bxf3 Ne5 17.Bg2 Ng4 18.Rc1 Nd7 19.h3 Qb6+ {#R} 0-1